000 00352nam a2200145Ia 4500
008 191201s2012 xx 000 0 und d
082 _a624.1068
_bLAC
100 _aLAL, D
245 0 _aConstruction Management and PWD Accounts
250 _aRep
260 _aN. Delhi
_bS.K.Kataria
_c2012
300 _aMISC
650 _aB.Tech(CE)
942 _2ddc
_cBK
999 _c5420
_d5420